LEADER 01268nas0-2200373---450- 001 990000811660203316 005 2001112208505967 035 $a0081166 035 $aUSA010081166 035 $a(ALEPH)000081166USA01 035 $a0081166 100 $a20011122b19651970|||||ita|01 ba 101 $afre 102 $aFR 110 $aaka ||||||| 200 1 $aAnnales de la Faculte de droit et des sciences economiques de Toulouse$fUniversite de Toulouse 207 0$aT. 13, fasc. 1 (1965)-t. 18, fasc. 1 et 2 (1970). 210 $aToulouse$cFaculte de droit$d1965-1970. 215 $a24 cm 300 $aAnnuale 430 1$1001$12001$aAnnales de la Faculte de droit de Toulouse$fUniversite de Toulouse 440 1$1001$12001$aAnnales de l'Universite des sciences sociales de Toulouse 676 $a300.5 712 02$aUniversite des sciences sociales$c 801 0$aIT$bsalbc$gISBD 912 $a990000811660203316 958 $c1964-1971 959 $aSE 979 $aPATTY$b90$c20011220$lUSA01$h1015 979 $aPATTY$b90$c20020319$lUSA01$h1459 979 $c20020403$lUSA01$h1727 979 $aPATRY$b90$c20040406$lUSA01$h1656 996 $aAnnales de la Faculte de droit et des sciences economiques de Toulouse$9966810 997 $aUNISA LEADER 00993nam0-2200337---450- 001 990008495610403321 005 20070720081602.0 010 $a0-675-21162-X 035 $a000849561 035 $aFED01000849561 035 $a(Aleph)000849561FED01 035 $a000849561 100 $a20070330d1992----km-y0itay50------ba 101 0 $aeng 102 $aUS 105 $aa-------001yy 200 1 $aApplied electronic instrumentation and measurement$fDavid Buchla, Wayne McLachlan 210 $aNew York$cMacMillan Publishing company$dc 1992 215 $aXVIII, 830 p.$cill.$d23 cm 610 0 $aStrumentazioni elettroniche 610 0 $aMisure 676 $a621.381 700 1$aBuchla,$bDavid$0302593 701 1$aMcLachlan,$bWayne$0302594 801 0$aIT$bUNINA$gRICA$2UNIMARC 901 $aBK 912 $a990008495610403321 952 $a10 E I 373$bDEE 1815$fDINEL 959 $aDINEL 996 $aApplied electronic instrumentation and measurement$9731524 997 $aUNINA